000 01648nam0a2200361 4500
001 RU\NLR\BIBL_A\022282043
005 20260420012555.0
010 _a978-5-17-155750-8
_92500
021 _aRU
_bКН-П-24-033070
_9КН-П-24-3342
035 _a(NLR Aleph) 022282043
090 _a13661145
_c13661145
100 _a20240722d2024 k y0rusy50 ca
101 1 _arus
_cger
102 _aRU
105 _ay z 000zy
181 0 _ai4
_baxxe
182 0 _an
200 1 _aТопология насилия
_eкритика общества позитивности позднего модерна
_fБён-Чхоль Хан
_gперевод с немецкого Станислава Мухамеджанова
_gЛёд
203 _aТекст
_bвизуальный
_cнепосредственный
210 _aМосква
_cАСТ
_d2024
215 _a190, [1] с.
_d20
300 _aЗагл. и авт. ориг.: Topologie der gewalt / Byung-Chul Han
320 _aБиблиогр. в примеч.: с. 173-191 и в подстроч. примеч.
333 _a16+
454 0 _12001#$aTopologie der gewalt$fByung-Chul Han
_1700#1$aHan, Byung-Chul$bB.-C.$f1959-$gByung-Chul$3RU\NLR\AUTH\770268178
_tTopologie der gewalt
_aHan, Byung-Chul, Byung-Chul (1959-)
606 1 _aНасилие
_xСоциально-философские вопросы
_92176480
_3RU\NLR\AUTH\661309048
686 1 _aС550.73
686 1 _aЮ216.22
700 1 _7ca
_8rus
_aХан
_bБ.-Ч.
_f1959-
_gБён-Чхоль
_9268118
_3RU\NLR\AUTH\770268174
942 _cBOOK
980 _aNB